| 000 | 00416nam a2200181Ia 4500 | ||
|---|---|---|---|
| 008 | 210210b1959 xxu||||| |||| 00| 0 eng d | ||
| 041 | _aeng | ||
| 082 | _a824/296 | ||
| 100 | _a- | ||
| 245 | _aShakespeare survey No 12 | ||
| 260 |
_aCambridge _bAt the University Press. _c1959 |
||
| 650 | _asurvey | ||
| 650 | _aShakespeare | ||
| 650 | _aNo | ||
| 650 | _a12 | ||
| 690 | _aEnglish Criticism | ||
| 906 | _a014246 | ||
| 999 |
_c133387 _d133387 |
||